|
|
|
|
| LEADER |
00000nam0a2200000 4500 |
| 001 |
329974 |
| 005 |
20231102004220.0 |
| 035 |
|
|
|a (RuTPU)RU\TPU\book\355747
|
| 090 |
|
|
|a 329974
|
| 100 |
|
|
|a 20170324d1975 km y0rusy50 ca
|
| 101 |
0 |
|
|a rus
|
| 102 |
|
|
|a RU
|
| 105 |
|
|
|a a z 001zy
|
| 200 |
1 |
|
|a Динамика горных машин с упругими связями
|f И. Ф. Гончаревич, А. В. Докукин
|g Академия наук СССР (АН СССР), Институт горного дела им. А. А. Скочинского (ИГД)
|
| 210 |
|
|
|a Москва
|c Наука
|d 1975
|
| 215 |
|
|
|a 211 с.
|c ил.
|
| 320 |
|
|
|a Библиогр.: с. 208-210
|
| 606 |
1 |
|
|a Горные машины
|x Динамика
|2 stltpush
|3 (RuTPU)RU\TPU\subj\7851
|9 35377
|
| 610 |
1 |
|
|a упругие связи
|
| 610 |
1 |
|
|a реологические методы
|
| 610 |
1 |
|
|a динамические системы
|
| 610 |
1 |
|
|a производственные нагрузки
|
| 610 |
1 |
|
|a вибровозбудители
|
| 610 |
1 |
|
|a виброударные системы
|
| 610 |
1 |
|
|a самовозбуждающиеся системы
|
| 675 |
|
|
|a 622.002.5
|v 4
|
| 700 |
|
1 |
|a Гончаревич
|b И. Ф.
|g Игорь Фомич
|
| 701 |
|
1 |
|a Докукин
|b А. В.
|g Александр Викторович
|
| 712 |
0 |
2 |
|a Академия наук СССР (АН СССР)
|b Институт горного дела им. А. А. Скочинского (ИГД)
|c (Люберцы)
|2 stltpush
|3 (RuTPU)RU\TPU\col\11351
|
| 801 |
|
1 |
|a RU
|b 63413507
|c 20170324
|
| 801 |
|
2 |
|a RU
|b 63413507
|c 20170328
|g RCR
|
| 942 |
|
|
|c BK
|